000 01050nam a22003497a 4500
001 BR2017001534
003 BR-BrBNA
005 20230928105112.0
007 ta
008 230509b bl.||||| |||| 00| 0 por d
040 _aBR-BrBNA
_bpor
_cBiblioteca Nacional de Agricultura
041 _a(Por)
072 _aF02
_b3575
090 _ 3575 BR2017001534
100 1 _aPinto, M.C.C.
110 1 _aUniversidade Federal de Lavras, MG (Brasil)
_0Tese (Mestrado)
245 1 _aCaracterização de sementes e micropropagação de guapeva [Pouteria torta (Mart)Radlk]
260 3 _aLavras, MG (Brasil):
_c2016.
300 _a65 p.
500 _aSummaries (Eng, Por); Bibliography p. 55-65; 10 illus.; 9 tables
650 _aSEMENTE
650 _aPOUTERIA SPP
650 _aCULTURA IN VITRO
650 _aMICROPROPAGAÇÃO
650 _aPLANTA MEDICINAL
650 _aENRAIZAMENTO
650 _aÁCIDO INDOLBUTÍRICO
650 _aGERMINAÇÃO
650 _aANÁLISE QUÍMICA
909 _a202309
_bLucia
_c55
_dLucia Elande
942 _cBK
999 _c83423
_d83423